000 00559nam a22001937a 4500
005 20250324114445.0
010 _aENG-144199
020 _c495.00
_a978819296325
035 _aEN-127731
037 _bDBAD
082 _a303
100 _aSarkar, Mahua
_979841
245 _aEnviroment and the Adivasi World/
_cMahua Sarkar
260 _aKolkata
_bJadavpur University & Alphabet Books
_c2017
270 _a5/1,Ramnath Majumdar Street
_bKolkata
_e700009
300 _a273p
_c22cm(pb)
700 _979717
942 _2ddc
_cEN
_h303
_mSAR
_e1
999 _c210442
_d210442